The witch with no name /

Rachel Morgan's come a long way from the clutzy runner of Dead Witch Walking. She's faced vampires and werewolves, banshees, witchs, and soul-eating demons. She's crossed worlds, channeled gods, and accepted her place as a day-walking demon. She's lost friends and lovers and fami...

முழு விளக்கம்

Saved in:
நூற்பட்டியல் விவரங்கள்
தலைமை எழுத்தாளர்: Harrison, Kim, 1966-
வடிவம்: புத்தகம்
மொழி:English
வெளியீடப்பட்டது: New York, NY : Harper Voyager, an imprint of HarperCollinsPublishers, [2014]
பதிப்பு:First edition.
தொகுதி:Harrison, Kim, 1966- Hollows ; bk. 13.
பகுதிகள்:
குறியீடுகள்: குறிச்சொல் இணை
குறியீடுகள் இல்லை, இந்த குறிச்சொல்லை முதலில் பதிவு செய்யுங்கள்!
LEADER 03408cam a2200685 i 4500
001 014207477-2
005 20141012224748.0
008 140501s2014 nyu 000 1 eng
010 |a  2014007793 
020 |a 9780061957956 (hardback) 
020 |a 006195795X (hardback) 
020 |z 9780062369314 (signed ed.) 
035 0 |a ocn879033922 
035 |a (PromptCat)40024069189 
040 |a DLC  |b eng  |e rda  |c DLC  |d IG#  |d UPZ  |d BTCTA  |d OCLCF  |d OCO  |d ABG  |d JP3  |d INR  |d OCLCO  |d NDS  |d YDXCP 
042 |a pcc 
050 0 0 |a PS3608.A78355  |b W53 2014 
082 0 0 |a 813/.6  |2 23 
084 |a FIC009060  |a FIC009050  |a FIC009000  |2 bisacsh 
100 1 |a Harrison, Kim,  |d 1966- 
245 1 4 |a The witch with no name /  |c Kim Harrison. 
250 |a First edition. 
264 1 |a New York, NY :  |b Harper Voyager, an imprint of HarperCollinsPublishers,  |c [2014] 
300 |a 462 pages ;  |c 24 cm 
336 |a text  |2 rdacontent 
337 |a unmediated  |2 rdamedia 
338 |a volume  |2 rdacarrier 
490 1 |a Books of the hollows ;  |v bk. 13 
520 |a Rachel Morgan's come a long way from the clutzy runner of Dead Witch Walking. She's faced vampires and werewolves, banshees, witchs, and soul-eating demons. She's crossed worlds, channeled gods, and accepted her place as a day-walking demon. She's lost friends and lovers and family, and an old enemy has become something much more. But power demands responsibility, and world-changers must always pay a price. That time is now. To save Ivy's soul and the rest of the living vampires, to keep the demonic ever after and our own world from destruction, Rachel Morgan will risk everything. (Final book in series.) 
505 0 |a Rachel Morgan has come a long way since her early days as an inexperienced bounty hunter. But power demands responsibility, and world-changers must always pay a price. Rachel knew that this day would come -- and now it is here. To save Ivy's soul and the rest of the living vampires, to keep the demonic ever-after and our own world from destruction, Rachel Morgan will risk everything . . . 
650 0 |a Morgan, Rachel (Fictitious character)  |v Fiction. 
650 0 |a Demonology  |v Fiction. 
650 0 |a Witches  |v Fiction. 
650 0 |a Vampires  |v Fiction. 
650 0 |a Werewolves  |v Fiction. 
650 7 |a FICTION / Fantasy / Urban Life.  |2 bisacsh 
650 7 |a FICTION / Fantasy / Paranormal.  |2 bisacsh 
650 7 |a FICTION / Fantasy / General.  |2 bisacsh 
650 7 |a Demonology.  |2 fast  |0 (OCoLC)fst00890199 
650 7 |a Morgan, Rachel (Fictitious character)  |2 fast  |0 (OCoLC)fst01747503 
650 7 |a Vampires.  |2 fast  |0 (OCoLC)fst01163968 
650 7 |a Werewolves.  |2 fast  |0 (OCoLC)fst01173872 
650 7 |a Witches.  |2 fast  |0 (OCoLC)fst01176346 
655 7 |a Occult fiction.  |2 gsafd 
655 7 |a Fantasy fiction.  |2 gsafd 
655 0 |a Occult fiction. 
655 0 |a Fantasy fiction. 
655 7 |a Fiction.  |2 fast  |0 (OCoLC)fst01423787 
655 7 |a Paranormal fiction.  |2 lcgft 
655 7 |a Fantasy fiction.  |2 lcgft 
655 7 |a Fiction.  |2 fast 
600 1 0 |a Morgan, Rachel  |c (Fictitious character)  |v Fiction. 
655 7 |a Fantasy fiction.  |2 fast 
655 7 |a Paranormal fiction.  |2 fast 
655 7 |a Fantasy fiction.  |2 fast  |0 (OCoLC)fst01726607 
655 7 |a Paranormal fiction.  |2 fast  |0 (OCoLC)fst01921727 
800 1 |a Harrison, Kim,  |d 1966-  |t Hollows ;  |v bk. 13. 
899 |a 415_565459 
988 |a 20141012 
906 |0 DLC